000 00527nam a2200217 a 4500
999 _c3421
_d3421
006 a||||gr|||| 000 0
007 ta
008 090819s1990 xxka|| grf 000 0 eng d
040 _aKO
_beng
041 0 _aeng
044 _axxk
082 0 4 _223
_a623.89
_bB822
100 1 _aBrownlee, Sheila
245 1 0 _aMinimising fatigue, maximising performance /
_cSheila Brownlee
260 _aLondon,
_bvideotel ,
_c2006
300 _a64 p. :
_bill. ;
_c30 cm.
650 0 _ades
904 _aA_BOSE
942 _cGR
_2ddc